|
|
|
|
| LEADER |
00000nab a2200000 a 4500 |
| 001 |
vtls000735545 |
| 003 |
SK-MaSNL |
| 005 |
20260514072341.0 |
| 008 |
250429c2000 xo 0 slo |
| 015 |
|
|
|a SNBRB2000/10-25538
|
| 035 |
|
|
|a CLN000087412
|
| 035 |
|
|
|a urn:nbn:sk:snk-ab7bi8
|
| 035 |
|
|
|a (uuid)e823ad64-67c8-4517-a43c-74a39b9623f4
|
| 035 |
|
|
|a (urnnbn)urn:nbn:sk:snk:ar-a07hde
|
| 035 |
|
|
|a (sysno)vtls000735545
|
| 040 |
|
|
|a SNKBUCL
|b slo
|c SNKBUCL
|e AACR2
|
| 041 |
0 |
|
|a slo
|
| 044 |
|
|
|a xo
|c SK
|
| 080 |
|
|
|a 341.71(438)
|2 1997
|
| 080 |
|
|
|a 502.3-051
|2 1997
|
| 080 |
|
|
|a 327(438:437.6)
|2 1997
|
| 100 |
1 |
|
|a Erdziaková, Alena
|4 ain
|9 268524
|
| 245 |
1 |
0 |
|a Som entuziasta slovenského národa
|b rozhovor s Janom Komornickim, veľvyslancom Poľskej republiky v SR
|c [zhovárala sa] Alena Erdziaková
|
| 300 |
|
|
|b Fotogr.
|
| 600 |
1 |
7 |
|a Komornicki, Jan,
|d 1943-
|2 snkbucl
|9 230413
|
| 651 |
|
7 |
|a Poľsko
|x politika zahraničná
|x Slovensko
|2 snkbucl
|9 888930
|
| 655 |
|
7 |
|a články z novín a časopisov
|2 snkbucl
|9 267496
|
| 700 |
1 |
|
|a Komornicki, Jan,
|d 1943-
|4 aut
|9 230413
|
| 773 |
0 |
|
|t Forum scientiae et sapientiae
|g Roč. 7, č. 2-3 (2000), s. 2-7
|x 1335-566X
|
| 850 |
|
|
|a Slovenská národná knižnica
|
| 852 |
|
|
|a Slovenská národná knižnica
|
| 954 |
|
|
|a odborná, vedecká literatúra pôvodná (slovenská)
|2 lita
|
| 958 |
|
|
|a article27
|
| 958 |
|
|
|a SK
|
| 958 |
|
|
|a PL
|
| 958 |
|
|
|a OND
|
| 958 |
|
|
|a EUIPO
|
| 992 |
|
|
|a RBX
|
| 999 |
|
|
|c 2857539
|d 2859469
|